| 000 | nam a22 7a 4500 | ||
|---|---|---|---|
| 999 |
_c126215 _d126215 |
||
| 005 | 20170302102030.0 | ||
| 008 | 170223b xxu||||| |||| 00| 0 eng d | ||
| 050 | _aPR9340.P154 | ||
| 100 |
_aAchebe, Chinua et al. _929032 |
||
| 245 |
_aPalaver:interviews with five African Writers in Texas _cby Achebe, Chinua and edited by Lindfords, Sernth et al |
||
| 260 |
_aTexas _bAfrican and Afro-American Research Institute _c1972 |
||
| 300 |
_a64p.; _c23cm. |
||
| 650 |
_aAfrican literature, English _xCriticism _929033 |
||
| 700 |
_aJohn Pepper Clark _929034 |
||
| 700 |
_aDennis Brutus _929035 |
||
| 700 |
_aEzekiel Mphalele _929036 |
||
| 700 |
_aKofi Awoonor _929037 |
||
| 700 |
_aIan Munro _eed. _929038 |
||
| 700 |
_aRichard Priebe _eed. _929039 |
||
| 700 |
_aReinhard Sander _eed. _929040 |
||
| 942 |
_2lcc _cMONOGRAPH |
||